000 00382cam a2200157ua 4500
041 _aeng
_h
082 _a540
_bGLI/GE
100 _aGlinka, N .
245 _aGeneral chemistry /
_cN Glinka.
_hTextual Documents
250 _a1 /
_b.
260 _aMoscow :
_bForeign Language Publishing House ,
_c1960.
300 _a694 ; .
504 _a
942 _cBK
999 _c8832
_d8832